The Economic Development Of Syria / (Record no. 37921)
[ view plain ]
| 000 -LEADER | |
|---|---|
| fixed length control field | 01392nam a2200325 i 4500 |
| 003 - CONTROL NUMBER IDENTIFIER | |
| control field | EG-GICUC |
| 005 - DATE AND TIME OF LATEST TRANSACTION | |
| control field | 20260121101053.0 |
| 008 - FIXED-LENGTH DATA ELEMENTS--GENERAL INFORMATION | |
| fixed length control field | 251027s1955 us bd||fry||| 001 0 eng d |
| 040 ## - CATALOGING SOURCE | |
| Original cataloging agency | EG-GiCUC |
| Language of cataloging | eng |
| Transcribing agency | EG-GiCUC |
| Modifying agency | EG-GiCUC |
| Description conventions | rda |
| 041 0# - LANGUAGE CODE | |
| Language code of text/sound track or separate title | eng |
| 082 04 - DEWEY DECIMAL CLASSIFICATION NUMBER | |
| Edition number | 21 |
| Classification number | 338.90565 |
| Item number | IN . E |
| 092 04 - LOCALLY ASSIGNED DEWEY CALL NUMBER (OCLC) | |
| Edition number | 21 |
| 099 ## - LOCAL FREE-TEXT CALL NUMBER (OCLC) | |
| Classification number | Law1 13 338.90565 IN . E 1955 |
| 110 ## - MAIN ENTRY--CORPORATE NAME | |
| Corporate name or jurisdiction name as entry element | The International Bank For Reconstruction And Development |
| 245 04 - TITLE STATEMENT | |
| Title | The Economic Development Of Syria / |
| Statement of responsibility, etc. | The International Bank For Reconstruction And Development. |
| 264 #1 - PRODUCTION, PUBLICATION, DISTRIBUTION, MANUFACTURE, AND COPYRIGHT NOTICE | |
| Place of production, publication, distribution, manufacture | Baltimore : |
| Name of producer, publisher, distributor, manufacturer | The International Bank For Reconstruction And Development, |
| Date of production, publication, distribution, manufacture, or copyright notice | 1955. |
| 264 #3 - PRODUCTION, PUBLICATION, DISTRIBUTION, MANUFACTURE, AND COPYRIGHT NOTICE | |
| Place of production, publication, distribution, manufacture | Baltimore : |
| Name of producer, publisher, distributor, manufacturer | The Johns Hopkins Press, |
| Date of production, publication, distribution, manufacture, or copyright notice | 1955. |
| 300 ## - PHYSICAL DESCRIPTION | |
| Extent | 486 pages : |
| Other physical details | illustrations, maps, tables, and charts ; |
| Dimensions | 24 cm |
| 336 ## - CONTENT TYPE | |
| Source | rda content |
| Content type term | text |
| 337 ## - MEDIA TYPE | |
| Source | rda media |
| Media type term | Computer |
| 338 ## - CARRIER TYPE | |
| Source | rda carrier |
| Carrier type term | Online Resource |
| 500 ## - GENERAL NOTE | |
| General note | Includes index. |
| 500 ## - GENERAL NOTE | |
| General note | Report Of A Mission Organized By The International Bank For Reconstruction And Development At The Request Of The Government Of Syria |
| 546 ## - LANGUAGE NOTE | |
| Language note | Text in English |
| 650 14 - SUBJECT ADDED ENTRY--TOPICAL TERM | |
| Topical term or geographic name entry element | Report Of A Mission Organized By The International Bank For Reconstruction And Development At The Request Of The Government Of Syria |
| Source of heading or term | qrmak |
| 651 1# - SUBJECT ADDED ENTRY--GEOGRAPHIC NAME | |
| Source of heading or term | qrmak |
| 856 40 - ELECTRONIC LOCATION AND ACCESS | |
| Uniform Resource Identifier | <a href="https://fll.law.cu.edu.eg/fulltext/bks/B13-06744.pdf">https://fll.law.cu.edu.eg/fulltext/bks/B13-06744.pdf</a> |
| 905 ## - Cataloger and Reviser Names | |
| Cataloger Name: | |
| 942 ## - ADDED ENTRY ELEMENTS (KOHA) | |
| Source of classification or shelving scheme | Dewey Decimal Classification |
| Koha item type | Reference |
| Edition | 21 |
| Suppress in OPAC | No |
| Withdrawn status | Lost status | Source of classification or shelving scheme | Damaged status | Not for loan | Collection | Home library | Current library | Date acquired | Total checkouts | Full call number | Barcode | Date last seen | Copy number | Price effective from | Koha item type |
|---|---|---|---|---|---|---|---|---|---|---|---|---|---|---|---|
| Dewey Decimal Classification | Not for loan | المالية العامة والتشريع الضريبي | جــــامعة القــاهرة | مكتبة كلية الحقوق - المبنى الرئيسي | 27.10.2025 | Law1 13 338.90565 IN . E 1955 1306744 C1 | B13-06744 | 27.10.2025 | 1 | 27.10.2025 | Reference | ||||
| Dewey Decimal Classification | المالية العامة والتشريع الضريبي | جــــامعة القــاهرة | مكتبة كلية الحقوق - المبنى الرئيسي | 27.10.2025 | Law1 13 338.90565 IN . E 1955 1306746 C2 | B13-06746 | 27.10.2025 | 2 | 27.10.2025 | Reference | |||||
| Dewey Decimal Classification | المالية العامة والتشريع الضريبي | جــــامعة القــاهرة | مكتبة كلية الحقوق - المبنى الرئيسي | 16.11.2025 | Law2 13 338.90565 IN . E 1955 1307567 C3 | B13-07567 | 16.11.2025 | 3 | 16.11.2025 | Reference |